000 00366nam a2200157Ia 4500
003 0STCL
008 150530s9999 xx 000 0 und d
040 _aSTCL
_cSTCL
100 _aQuiller Couch, A.
245 _aArt of writing
260 _bCambridge university press
_c1923
546 _aEnglish
942 _2ddc
_cBK
999 _c51626
_d51626
005 20220125170844.0